La visión del fotógrafo. Entender y apreciar la buena fotografía.

Wedi'i Gadw mewn:
Manylion Llyfryddiaeth
Prif Awdur: Freeman, Michael (autor)
Fformat: Llyfr
Cyhoeddwyd: Barcelona, España: Blume, 2012.
Rhifyn:Primera edición en lengua española.
Pynciau:
Tagiau: Ychwanegu Tag
Dim Tagiau, Byddwch y cyntaf i dagio'r cofnod hwn!

MARC

LEADER 00000nam a22000007a 4500
003 CL-VaPUC
005 20250407202442.0
008 250311t2012 ||||| |||| 00| 0 eng d
999 |c 447240  |d 447238 
020 |a 978-84-8076-985-3 
040 |c Pontificia Universidad Católica de Valparaíso 
082 7 |a 770 FRE 2012  |2 22 
100 |9 489867  |a Freeman, Michael  |e autor 
245 1 3 |a La visión del fotógrafo.  |b Entender y apreciar la buena fotografía.  
250 |a Primera edición en lengua española.  
260 |a Barcelona, España:  |b Blume,  |c 2012. 
300 |a 192 páginas:  |b fotografías. 
500 |a c.1. Instituto Arcos.08-01-2025. 
583 |c 20250304  |k GC 
650 |a Fotografía   |x Apreciación   |9 896605 
942 |2 ddc  |c BK  |n 0 
952 |0 0  |1 0  |2 ddc  |4 0  |6 770_000000000000000_FRE_2012  |7 0  |8 A  |9 600970  |a BIBINC  |b BIBINC  |d 2025-03-11  |e Instituto Arcos   |i 5665826  |o 770 FRE 2012  |p 5665826  |r 2025-03-11  |t 1  |w 2025-03-11  |y BK  |k IFP 
952 |0 0  |1 0  |2 ddc  |4 0  |6 770_000000000000000_FRE_2012  |7 0  |8 A  |9 600971  |a BIBINC  |b BIBINC  |d 2025-03-11  |e Instituto Arcos   |i 5665827  |o 770 FRE 2012  |p 5665827  |r 2025-03-11  |t 2  |w 2025-03-11  |y BK  |k IFP